Statistics for Most Valuable Premier League Players (1-100)

Click here to take the quiz!

General Stats

  • This quiz has been taken 30 times
  • The average score is 73 of 100

Answer Stats

#Value (M)ClubPositionNationalityPlayer% Correct
2120ArsenalRWBritish/NigerianBukayo Saka
100%
1180Man CitySTNorwegianErling Haaland
100%
2270Man CityLWBritish/IrishJack Grealish
100%
690Man CityCAM/STArgentineJulián Álvarez
100%
3110Man CityCDMSpanishRodri
100%
3065LiverpoolCAM/CMArgentine/ItalianAlexis Mac Allister
96%
2170Man UCAMPortugueseBruno Fernandes
96%
985NewcastleCDM/CMBrazilian/SpanishBruno Guimarães
96%
3265LiverpoolSTUruguayanDarwin Núñez
96%
4110ArsenalCDMBritish/IrishDeclan Rice
96%
2070ArsenalSTBrazilianGabriel Jesus
96%
1380Man CityCBCroatianJokso Gvardiol
96%
790ArsenalCAMNorwegianMartin Ødegaard
96%
2965LiverpoolRWEgyptianMohamed Salah
96%
890ChelseaCDMEcuadorianMoisés Caicedo
96%
5110Man CityRWBritishPhil Foden
96%
1480Man CityCBPortugueseRúben Dias
96%
1970LiverpoolRBBritishTrent Alexander-Arnold
96%
1280Man CityCAMPortugueseBernardo Silva
92%
5150LiverpoolLWPortugueseDiogo Jota
92%
1575LiverpoolCAM/CMHungarianDominik Szoboszlai
92%
1180ChelseaCMArgentineEnzo Fernández
92%
3165Man CityLWBelgianJérémy Doku
92%
1875LiverpoolLWVenezuelanLuis Díaz
92%
2370Man ULWBritishMarcus Rashford
92%
2765Man USTDanishRasmus Højlund
92%
2665SpursCBArgentineCristian Romero
88%
1085ArsenalLWBrazilian/FrenchGabriel Martinelli
88%
3760Man CityCAMBelgianKevin De Bruyne
88%
2865WesthamCAMBrazilian/PortugueseLucas Paquetá
88%
8438Man CityCMCroatianMateo Kovacic
88%
2570NewcastleSTSwedishAlexander Isak
83%
8040Man CityGKBrazilian/PortugueseEderson
83%
5450SpursLWKoreanHeung-min Son
83%
2470SpursCAMBritishJames Maddison
83%
6045SpursCBDutchMicky van de Ven
83%
1775ArsenalCBFrench/CameroonianWilliam Saliba
83%
5250EvertonCDMBelgian/CameroonianAmadou Onana
79%
7640Man UGKSenegaleseAndré Onana
79%
4355ArsenalRBBritishBen White
79%
1675ChelseaCFFrench/CongoleseChristopher Nkunku
79%
4155SpursRWSwedish/North MacedonianDejan Kulusevski
79%
7740NottinghamCAMBritish/JamaicanMorgan Gibbs-White
79%
9435ChelseaSTSenegaleseNicolas Jackson
79%
4750NewcastleLWBritish/ScottishAnthony Gordon
75%
9335Man URWBrazilianAntony
75%
4550LiverpoolLWDutchCody Gakpo
75%
3365Brighton & HoveSTIrishEvan Ferguson
75%
8938LiverpoolCBFrench/MalianIbrahima Konaté
75%
4850Brighton & HoveLWJapaneseKaoru Mitoma
75%
5350Man UCBArgentineLisandro Martínez
75%
6942Man CityCBSwiss/NigerianManuel Akanji
75%
7840ChelseaLWUkrainianMykhailo Mudryk
75%
7440Man CityCBDutch/IvorianNathan Aké
75%
7242ArsenalLBUkrainianOleksandr Zinchenko
75%
5050ChelseaRBChelseaReece James
75%
9635SpursSTBrazilianRicharlison
75%
7540NewcastleCDMItalianSandro Tonali
75%
3460ArsenalCBBrazilianGabriel Magalhães
71%
8238Man CityCBBritishJohn Stones
71%
9138Man ULBBritishLuke Shaw
71%
4255Man CityCMPortuguese/BrazilianMatheus Nunes
71%
5550Crystal PalaceRWFrench/BritishMichael Olise
71%
3860Aston VillaSTBritishOllie Watkins
71%
6642ChelseaCMBritishConor Gallagher
67%
4950WesthamRWBritishJarrod Bowen
67%
8138ArsenalLWBelgianLeandro Trossard
67%
3660Aston VillaRWFrenchMoussa Diaby
67%
5748SpursRWWelsh/BritishBrennan Johnson
63%
6245ChelseaCAM/RWBritishCole Palmer
63%
5648Crystal PalaceCAMBritish/NigerianEberechi Eze
63%
6145Man UCAMBritishMason Mount
63%
6545SpursRBSpanishPedro Porro
63%
5945ChelseaLWBritish/JamaicanRaheem Sterling
63%
7340SpursLBItalian/NigerianDestiny Udogie
58%
6345WesthamCAMGhanaianMohammed Kudus
58%
6445Aston VillaCBSpanishPau Torres
58%
8538Man CityRBBritishRico Lewis
58%
3560Aston VillaCMBrazilianDouglas Luiz
54%
7042NewcastleCMBrazilianJoelinton
54%
4455ChelseaCB/LBChelseaLevi Colwill
54%
5845NewcastleCBDutchSven Botman
54%
9735WesthamCDMCzechTomas Soucek
54%
9235Brighton & HoveSTBrazilianJoão Pedro
50%
6842WolvesRWPortuguesePedro Neto
50%
4650ChelseaCDMBelgianRoméo Lavia
50%
6742ChelseaCBFrench/CongoleseAxel Disasi
46%
9835ChelseaCBFrench/CongoleseBenoît Badiashile
46%
9038BrentfordRWCameroonian/FrenchBryan Mbeumo
46%
9935Crystal PalaceCBDanishJoachim Andersen
46%
3960FulhamCDMPortugueseJoão Palhinha
46%
4055ArsenalCAMArsenalKai Havertz
46%
8738Crystal PalaceCBBritish/IrishMarc Guéhi
46%
7940ArsenalCBDutch/NauruanJurrien Timber
42%
8638WesthamCBMorrocanNayef Aguerd
42%
8338Aston VillaCDMFrench/SenegaleseBoubacar Kamara
38%
7142Aston VillaCMBritishJacob Ramsey
38%
8838WesthamCMBritishJames Ward-Prowse
38%
10035NewcastleLWBritish/ScottishHarvey Barnes
33%
9535WolvesCBBritish/UkrainianMax Kilman
29%

Score Distribution

Percentile by Number Answered

Percent of People with Each Score

Your Score History

You have not taken this quiz